Movies Featuring Ghosts - Statistics

General Stats
  • This quiz has been taken 137 times
    131 since last reset
  • The average score is 11 of 20
Answer Stats
Hint Answer % Correct
Titular Demi Moore and Patrick Swayze flick Ghost
99%
NYC ghosts are busted by a team of scientists Ghostbusters
89%
This "friendly" ghost meets Christina Ricci Casper
87%
Bruce Willis counsels a boy who can see dead people The Sixth Sense
81%
Jack Nicholson is the off-season caretaker of The Overlook Hotel The Shining
78%
"Shaky-cam" faux documentary that went viral. The Blair Witch Project
70%
Three Christmas ghosts help an old miser. A Christmas Carol
66%
A ghost tells Kevin Costner, "If you build it, they will come." Field of Dreams
66%
Nicolas Cage is Johnny Blaze. Ghost Rider
64%
A home is invaded by malevolent ghosts that abduct the family's daughter. Poltergeist
56%
Moaning Myrtle helps Harry Potter win the Triwizard Tournament Harry Potter and the Goblet of Fire
55%
Remake of a Japanese psychological thriller, starring Naomi Watts The Ring
54%
Lydia Deetzes family tries to exorcise a ghost couple only she can see Beetlejuice
40%
A ghost warns of foul murder in the Danish royal court. Hamlet
40%
Heads will roll in this film based on a Washington Irving short story. Sleepy Hollow
36%
Daniel Radcliffe's dark foray into the movie world after Harry Potter. The Woman in Black
36%
Harrison Ford & Michelle Pfeiffer experience a haunting that exposes old secrets. What Lies Beneath
34%
Two movies based on the novel "The Haunting of Hill House" The Haunting
30%
A powerful curse haunts the Owens sisters - Sandra Bullock & Nicole Kidman. Practical Magic
22%
Adaptation of an Alice Sebold novel, directed by Peter Jackson. The Lovely Bones
18%
No matching quizzes found
Score Distribution
Percent of People with Each Score
Percentile by Number Answered
Your Score History
You have not taken this quiz since the last reset